[Event "29th World Junior Girls"]
[Site "Chennai IND"]
[Date "2011.08.03"]
[Round "2"]
[White "Nandhidhaa,P"]
[Black "Cori T.,D"]
[Result "0-1"]
[WhiteElo "2101"]
[BlackElo "2376"]
[EventDate "2011.08.02"]

1. e4 e6 2. d4 d5 3. e5 c5 4. c3 Nc6 5. Nf3 Bd7 6. Be2 Nge7 7. Na3 cxd4 8.
cxd4 Ng6 9. h4 Bb4+ 10. Kf1 O-O 11. Nc2 Be7 12. g3 f6 13. h5 Nh8 14. Kg2
Nf7 15. exf6 Bxf6 16. Bf4 Ng5 17. Nxg5 Bxg5 18. Bd6 Be7 19. Bxe7 Qxe7 20.
f4 Qf6 21. Qd2 Kh8 22. Rae1 e5 23. dxe5 Nxe5 24. Nd4 Nc4 25. Qc3 Rac8 26.
Bf3 Nd6 27. Qd2 Rc4 28. Re5 Ne4 29. Qe3 Qb6 30. Rxd5 Nf6 31. Qa3 Rfc8 32.
Rd6 Rxd4 33. Rxb6 Rd2+ 34. Be2 Rxe2+ 35. Kf1 Bg4 36. b4 axb6 37. h6 Rec2
38. hxg7+ Kxg7 39. Qa7 Rd8 40. Qxb7+ Rd7 0-1

[Event "29th World Junior Girls"]
[Site "Chennai IND"]
[Date "2011.08.03"]
[Round "2"]
[White "Girya,O"]
[Black "Imeeva,A"]
[Result "1-0"]
[WhiteElo "2371"]
[BlackElo "2094"]
[EventDate "2011.08.02"]

1. d4 Nf6 2. c4 g6 3. Nf3 Bg7 4. Nc3 O-O 5. e4 d6 6. Be2 Nbd7 7. Bg5 e5 8.
d5 a5 9. O-O h6 10. Bh4 g5 11. Bg3 Nc5 12. Nd2 Nh7 13. Bg4 Nd3 14. Bxc8
Qxc8 15. h3 Nf4 16. Re1 Nf6 17. Nf1 h5 18. Ne3 Ng6 19. Qf3 Qd7 20. Qf5 Qxf5
21. Nxf5 h4 22. Bh2 Nd7 23. Nb5 Rac8 24. Kf1 Bf6 25. f3 Ne7 26. Ne3 Nc5 27.
Rad1 Ng6 28. Bg1 Nf4 29. Ng4 Bg7 30. Bxc5 dxc5 31. Ne3 c6 32. dxc6 bxc6 33.
Nc3 Ne6 34. Nf5 Rc7 35. Na4 Rb8 36. b3 Bf8 37. Rd2 Nd4 38. Red1 Kh7 39. Kf2
Kg6 40. Ne3 Bd6 41. Rd3 Re8 42. Ke1 Kf6 43. Kd2 Ke6 44. Kc3 Rb8 45. Kb2
Rcb7 46. R3d2 Bf8 47. Rd3 Be7 48. Nc2 Bf8 49. Re1 Be7 50. Red1 Bf8 51. R1d2
Be7 52. Rc3 Bf8 53. Kc1 Rd7 54. Ne1 Rdd8 55. Nd3 g4 56. hxg4 Bh6 57. f4
exf4 58. Naxc5+ Ke7 59. Kd1 f3 60. Rb2 Ne2 61. Rxe2 fxe2+ 62. Kxe2 Bg7 63.
e5 Rd4 64. Kf3 Bh6 65. Ne4 Rbd8 66. Ndc5 Rd1 67. Nd6 Bg7 68. Re3 Ra1 69.
Nf5+ Kf8 70. e6 Rxa2 71. Kf4 1-0

[Event "29th World Junior Girls"]
[Site "Chennai IND"]
[Date "2011.08.03"]
[Round "2"]
[White "Pon,N"]
[Black "Padmini,R"]
[Result "0-1"]
[WhiteElo "2075"]
[BlackElo "2348"]
[EventDate "2011.08.02"]

1. e4 c5 2. Nf3 d6 3. d4 cxd4 4. Nxd4 Nf6 5. Nc3 a6 6. Bg5 Nbd7 7. f4 Qa5
8. Qd2 b5 9. Nb3 Qc7 10. a3 Bb7 11. Bd3 e6 12. O-O-O Be7 13. Rhe1 O-O-O 14.
Kb1 h6 15. Bxf6 Nxf6 16. Rc1 Kb8 17. Qe2 Rc8 18. a4 bxa4 19. Nxa4 Qc6 20.
Nc3 Qb6 21. Qe3 Qxe3 22. Rxe3 Ka7 23. g3 Rhd8 24. h3 d5 25. exd5 Rxc3 26.
bxc3 Nxd5 27. Re5 Nxc3+ 28. Kb2 Nd5 29. Ra1 Bb4 30. Rxd5 Rxd5 31. Bc4 Rd7
32. c3 Be7 33. Na5 Bg2 34. h4 Bf6 35. Nb3 Rd6 36. Nc5 Kb6 37. Na4+ Kc7 38.
Nc5 Rc6 39. Nxa6+ Kb6 40. Kb3 Bd5 41. Bxd5 Rxc3+ 42. Ka4 exd5 43. Nb4 Rc4
44. Rb1 Be7 45. Rb3 Bxb4 46. Rxb4+ Kc5 0-1

[Event "29th World Junior Girls"]
[Site "Chennai IND"]
[Date "2011.08.03"]
[Round "2"]
[White "Bulmaga,I"]
[Black "Heredia Serrano,C"]
[Result "1-0"]
[WhiteElo "2293"]
[BlackElo "2072"]
[EventDate "2011.08.02"]

1. e4 c6 2. d4 d5 3. e5 Bf5 4. Nf3 e6 5. Be2 Ne7 6. O-O c5 7. c4 Nbc6 8.
Na3 a6 9. dxc5 d4 10. Qa4 d3 11. Rd1 Ng6 12. Nc2 Bxc5 13. Be3 Bxe3 14. Nxe3
Be4 15. c5 Bxf3 16. Bxf3 Ngxe5 17. Bxc6+ Nxc6 18. Nc4 O-O 19. Nd6 Qg5 20.
Qc4 Ne5 21. Qe4 Nd7 22. b4 a5 23. Qxb7 Nf6 24. Rxd3 Rab8 25. Qf3 Rxb4 26.
c6 Nd5 27. Rad1 h6 28. Rxd5 exd5 29. c7 Qe7 30. c8=Q Rxc8 31. Nxc8 Qc7 32.
Qxd5 Qxc8 33. Qxa5 Rd4 34. Re1 Qd7 35. h3 Ra4 36. Qb6 Rxa2 37. Qb8+ Kh7 38.
Qb1+ 1-0

[Event "29th World Junior Girls"]
[Site "Chennai IND"]
[Date "2011.08.03"]
[Round "2"]
[White "Bala Kannamma,P"]
[Black "Kazimova,N"]
[Result "0-1"]
[WhiteElo "1931"]
[BlackElo "2292"]
[EventDate "2011.08.02"]

1. e4 c5 2. Nf3 d6 3. d4 cxd4 4. Nxd4 Nf6 5. Nc3 a6 6. Bc4 e6 7. Bb3 b5 8.
f3 Bb7 9. Be3 Nbd7 10. g4 Nc5 11. Qd2 Rc8 12. O-O-O Be7 13. h4 Nfd7 14. g5
Nb6 15. Nce2 g6 16. h5 Rf8 17. Ng3 Qc7 18. hxg6 hxg6 19. Rh7 d5 20. e5 Qxe5
21. Bf4 Nd3+ 22. Qxd3 Qxf4+ 23. Kb1 Qxg3 24. Nxe6 fxe6 25. Qxg6+ Kd7 26.
Qg7 Rce8 27. g6 Nc4 28. a4 Rg8 29. Qd4 Qxg6 30. axb5 axb5 31. Bxc4 bxc4 32.
Rhh1 Rc8 33. Qb6 Bc6 34. Rhg1 Qf7 35. Rge1 Rb8 36. Qe3 Qf6 37. c3 Qf5+ 38.
Kc1 Bg5 39. Rh1 0-1

[Event "29th World Junior Girls"]
[Site "Chennai IND"]
[Date "2011.08.03"]
[Round "2"]
[White "Eric,J"]
[Black "Lasya,G"]
[Result "0-1"]
[WhiteElo "2282"]
[BlackElo "1898"]
[EventDate "2011.08.02"]

1. e4 c5 2. Nf3 d6 3. d4 Nf6 4. Nc3 cxd4 5. Nxd4 Nc6 6. Be2 e5 7. Nf3 h6 8.
O-O Be7 9. Re1 O-O 10. h3 Be6 11. Bf1 Rc8 12. Nd5 Nb8 13. c4 Nxd5 14. exd5
Bf5 15. b3 a5 16. Bb2 Na6 17. a3 Bf6 18. Bc3 Re8 19. b4 axb4 20. axb4 Bg6
21. Qb3 Qb6 22. Qb2 e4 23. Bxf6 gxf6 24. Nh4 Re5 25. Nxg6 fxg6 26. Qd2 e3
27. Rxe3 Rxe3 28. Qxe3 Qxe3 29. fxe3 Nxb4 30. Rb1 Na6 31. Rxb7 Nc5 32. Rb6
Rd8 33. Rc6 f5 34. Be2 Kg7 35. g4 Kf6 36. Kg2 Ke5 37. Rc7 f4 38. Kf3 fxe3
39. Kxe3 Ra8 40. Kf3 Rf8+ 41. Kg2 g5 42. Re7+ Kd4 43. Bf1 Rf4 44. Re1 Ne4
45. Be2 Nd2 46. Rd1 Ke3 47. Bf1 Rf2+ 0-1

[Event "29th World Junior Girls"]
[Site "Chennai IND"]
[Date "2011.08.03"]
[Round "2"]
[White "Sahari,J"]
[Black "Semenova,E"]
[Result "0-1"]
[WhiteElo "1911"]
[BlackElo "2175"]
[EventDate "2011.08.02"]

1. e4 e5 2. Nf3 Nc6 3. Bb5 a6 4. Ba4 Nge7 5. O-O g6 6. d4 exd4 7. Nxd4 Bg7
8. Nxc6 Nxc6 9. c3 O-O 10. Be3 d6 11. Bxc6 bxc6 12. Bd4 c5 13. Bxg7 Kxg7
14. Nd2 Rb8 15. b3 Bb7 16. Re1 Re8 17. f3 Qf6 18. c4 Qd4+ 19. Kh1 f5 20.
Rc1 fxe4 21. Nxe4 Bxe4 22. Qxd4+ cxd4 23. fxe4 Re5 24. Rcd1 c5 25. Rd2 Rbe8
26. Rde2 a5 27. g3 a4 28. Kg2 Rb8 29. Rb1 Kf6 30. Kf3 Ke6 31. Ree1 Kf6 32.
Re2 Re7 33. Reb2 a3 34. Re2 Ke5 35. Rbe1 Rf8+ 36. Kg2 Ref7 37. Rd2 Rf3 38.
Red1 Rc3 39. Re2 Rff3 40. Rf1 Rc1 41. Kxf3 Rb1 0-1

[Event "29th World Junior Girls"]
[Site "Chennai IND"]
[Date "2011.08.03"]
[Round "2"]
[White "Terao,J"]
[Black "Arunima,K"]
[Result "1-0"]
[WhiteElo "2168"]
[BlackElo "1867"]
[EventDate "2011.08.02"]

1. e4 c5 2. Nf3 Nc6 3. d4 cxd4 4. Nxd4 Nf6 5. Nc3 e5 6. Ndb5 d6 7. Bg5 a6
8. Na3 b5 9. Nd5 Be7 10. Bxf6 Bxf6 11. c4 b4 12. Nc2 O-O 13. g3 Rb8 14. b3
a5 15. Bg2 Bg5 16. O-O Be6 17. Qd3 Bxd5 18. Qxd5 Qb6 19. Kh1 Ne7 20. Qd3
Qc5 21. Rad1 Rfd8 22. f4 Bf6 23. Ne3 Nc6 24. Nd5 Kf8 25. Qf3 Be7 26. Qh5 h6
27. g4 exf4 28. Rxf4 Ne5 29. Rdf1 f6 30. g5 hxg5 31. Qxg5 Nf7 32. Qh5 Rd7
33. Bh3 Ra7 34. Be6 Bd8 35. Bxf7 1-0

[Event "29th World Junior Girls"]
[Site "Chennai IND"]
[Date "2011.08.03"]
[Round "2"]
[White "Mahalakshmi,M"]
[Black "Lkhamsuren,U"]
[Result "1/2-1/2"]
[WhiteElo "1901"]
[BlackElo "2163"]
[EventDate "2011.08.02"]

1. d4 e6 2. c4 Nf6 3. Nc3 Bb4 4. e3 O-O 5. Nge2 d5 6. a3 Be7 7. Ng3 Re8 8.
Bd3 dxc4 9. Bxc4 c5 10. dxc5 Qxd1+ 11. Kxd1 Bxc5 12. b4 Bf8 13. Bb2 Nbd7
14. Ke2 Nb6 15. Bb3 Bd7 16. Rhd1 Rac8 17. e4 e5 18. Nf1 Nc4 19. Bxc4 Rxc4
20. Ne3 Rcc8 21. f3 g6 22. g4 Be6 23. h4 a6 24. Rd2 Nd7 25. Ncd5 f6 26. g5
f5 27. Rg1 Bg7 28. exf5 gxf5 29. Nf6+ Bxf6 30. gxf6+ Kf8 31. Rg7 Nxf6 32.
Rxb7 f4 33. Ng2 Bc4+ 34. Kf2 e4 35. Rd6 e3+ 36. Ke1 Nd5 37. Rxh7 Rcd8 38.
Rxd8 Rxd8 39. Rh8+ Ke7 40. Rxd8 Kxd8 41. Be5 Ke7 42. Bxf4 e2 43. Bd2 Kf6
44. h5 Bd3 45. Nh4 Nc7 46. f4 Kg7 47. f5 Nb5 48. h6+ Kh7 49. f6 Nd6 50. Ng2
Bb5 51. Nf4 Kxh6 52. Nxe2+ Kg6 53. Bc3 Ne4 54. Bd4 Nxf6 1/2-1/2

[Event "29th World Junior Girls"]
[Site "Chennai IND"]
[Date "2011.08.03"]
[Round "2"]
[White "Frayna,Janelle Mae"]
[Black "Tokhirjanova,H"]
[Result "0-1"]
[WhiteElo "1875"]
[BlackElo "2119"]
[EventDate "2011.08.02"]

1. c4 e5 2. g3 Nf6 3. Bg2 Nc6 4. Nc3 Bb4 5. Nd5 Bc5 6. e3 O-O 7. Ne2 Re8 8.
O-O h6 9. d4 exd4 10. exd4 Bf8 11. Nxf6+ Qxf6 12. Be3 d6 13. Nc3 Bf5 14.
Qd2 Qd8 15. Rfe1 Nb4 16. Rec1 c5 17. Nd5 Nxd5 18. Bxd5 Be4 19. dxc5 dxc5
20. Rd1 Qf6 21. Bxe4 Rxe4 22. Qd5 Rae8 23. Qxb7 Rxc4 24. Rac1 Rb4 25. Qd7
Rbb8 26. b3 Qf3 27. Qd5 Re4 28. Bxc5 Re1+ 29. Rxe1 Qxd5 30. Bxa7 Ra8 31.
Bb6 Rxa2 32. Rc8 Ra8 33. Bd4 Qb7 34. Bb6 Ra2 35. Ra1 Qe7 36. Rc7 0-1

[Event "29th World Junior Girls"]
[Site "Chennai IND"]
[Date "2011.08.03"]
[Round "2"]
[White "Bhakti,K"]
[Black "Shristi,J"]
[Result "1-0"]
[WhiteElo "2317"]
[BlackElo "1927"]
[EventDate "2011.08.02"]

1. d4 Nf6 2. c4 c5 3. d5 e6 4. Nc3 exd5 5. cxd5 d6 6. Nf3 g6 7. Bf4 a6 8.
e4 Bg4 9. Qa4+ Nbd7 10. Nd2 b5 11. Qc2 Nh5 12. Be3 Nb6 13. a4 b4 14. Ncb1
Bg7 15. h3 Bd7 16. g4 Nf6 17. a5 Nc8 18. Nc4 Qe7 19. Bg2 Bb5 20. Nbd2 Nd7
21. f4 f6 22. O-O O-O 23. Bf2 Bxc4 24. Nxc4 Na7 25. Bh4 g5 26. Bg3 Nb5 27.
Rae1 gxf4 28. Bxf4 Ne5 29. Nb6 Rae8 30. h4 Nd4 31. Qd1 f5 32. Bg5 Bf6 33.
Bxf6 Qxf6 34. g5 Qg6 35. exf5 Rxf5 36. Rxf5 Qxf5 37. Rf1 Qd3 38. Qxd3 Nxd3
39. Nc4 Ne2+ 40. Kh2 Nef4 41. Bf3 Ne5 42. Nxd6 Nxf3+ 43. Rxf3 Re2+ 44. Kg3
Nxd5 45. Nf5 Rxb2 46. Nh6+ Kg7 47. h5 Rb1 1-0

[Event "29th World Junior Girls"]
[Site "Chennai IND"]
[Date "2011.08.03"]
[Round "2"]
[White "Krumova,A"]
[Black "Mammadova,G"]
[Result "1-0"]
[WhiteElo "1961"]
[BlackElo "2294"]
[EventDate "2011.08.02"]

1. Nf3 Nf6 2. g3 d5 3. Bg2 c5 4. d3 Nc6 5. O-O g6 6. Nbd2 Bg7 7. e4 O-O 8.
c3 e6 9. Re1 b6 10. exd5 exd5 11. Nf1 Bb7 12. Bf4 Nh5 13. Bg5 f6 14. Be3
Qd7 15. d4 c4 16. Qd2 Rf7 17. Re2 Bf8 18. Rae1 b5 19. h4 a5 20. Kh2 Bc8 21.
Bh6 Ng7 22. Ne3 Ne7 23. Ng1 Qd6 24. Bxg7 Bxg7 25. Nh3 Bxh3 26. Bxh3 f5 27.
Ng2 Qd7 28. Re6 Rc8 29. Qe2 Kf8 30. Nf4 b4 31. Bg2 Bh6 32. Qe5 Bxf4 33.
Qxf4 Rd8 34. Qe5 Ng8 35. Bf3 Re7 36. Bxd5 Qxd5 37. Rxe7 Nxe7 38. Qxe7+ Kg8
39. Re5 Qd7 40. Qxd7 Rxd7 41. Rxa5 bxc3 42. bxc3 Rb7 43. Kg2 Rb2 44. Ra4 h6
45. Rxc4 Rxa2 46. Rc7 Rd2 47. Kf3 Kf8 48. Ke3 Rd1 49. Ke2 Ra1 50. c4 Ke8
51. d5 g5 52. hxg5 hxg5 53. d6 Ra2+ 54. Ke3 Ra3+ 55. Ke2 Ra2+ 56. Kf3 Ra3+
57. Kg2 Rd3 58. c5 Rd5 59. Kf3 Rd3+ 60. Ke2 Rd5 61. f4 gxf4 62. gxf4 Kd8
63. Ke3 Rd1 1-0

[Event "29th World Junior Girls"]
[Site "Chennai IND"]
[Date "2011.08.03"]
[Round "2"]
[White "Ivana Maria,F"]
[Black "Olsarova,K"]
[Result "1/2-1/2"]
[WhiteElo "2012"]
[BlackElo "2282"]
[EventDate "2011.08.02"]

1. d4 d5 2. Nf3 Nf6 3. c4 c6 4. Nc3 dxc4 5. a4 Bf5 6. e3 e6 7. Bxc4 Bb4 8.
O-O O-O 9. Nh4 Bg4 10. f3 Bh5 11. g4 Bg6 12. Nxg6 hxg6 13. e4 Nbd7 14. Be3
e5 15. Na2 Bd6 16. Qb3 exd4 17. Bxd4 Nc5 18. Qd1 Ncd7 19. Qe2 Qc7 20. Rad1
a6 21. Kh1 c5 22. Bxf6 Nxf6 23. Rxd6 Qxd6 24. e5 Qd4 25. exf6 Rfe8 26. Qc2
Qxf6 27. Nc3 Rad8 28. Ne4 Qf4 29. Qc1 Rxe4 30. fxe4 Qxe4+ 31. Kg1 Qxg4+ 32.
Kh1 Qe4+ 33. Kg1 Qg4+ 34. Kh1 1/2-1/2

[Event "29th World Junior Girls"]
[Site "Chennai IND"]
[Date "2011.08.03"]
[Round "2"]
[White "Nakhbayeva,G"]
[Black "Guo,E"]
[Result "1-0"]
[WhiteElo "2222"]
[BlackElo "2029"]
[EventDate "2011.08.02"]

1. d4 d5 2. c4 e6 3. Nc3 Nf6 4. cxd5 exd5 5. Bg5 Be7 6. e3 c6 7. Bd3 Nbd7
8. Nge2 Nf8 9. O-O Ne6 10. Bh4 g6 11. Qc2 O-O 12. Rad1 Re8 13. f3 b6 14.
Kh1 Bb7 15. h3 Rc8 16. Qa4 c5 17. Bb5 Rf8 18. Qxa7 cxd4 19. exd4 Bc6 20.
Bxc6 Rxc6 21. Qb7 Rd6 22. Nb5 Rd7 23. Qc6 Qc8 24. Rc1 Qb7 25. Qxb7 Rxb7 26.
Rc6 Kg7 27. Re1 Ra8 28. Nf4 Nxf4 29. Rxe7 Rxe7 30. Bxf6+ Kf8 31. Bxe7+ Kxe7
32. a3 Rb8 33. h4 h6 34. g3 Ne6 35. Kg2 g5 36. h5 f5 37. Kf2 Kf7 38. Ke2
Ke7 39. Kd3 f4 40. g4 Rb7 41. Rd6 Nc5+ 42. dxc5 bxc5 43. Rxd5 Rxb5 44. b4
1-0

[Event "29th World Junior Girls"]
[Site "Chennai IND"]
[Date "2011.08.03"]
[Round "2"]
[White "Anjana Krishna,S"]
[Black "Agrest,I"]
[Result "0-1"]
[WhiteElo "1830"]
[BlackElo "2220"]
[EventDate "2011.08.02"]

1. e4 e5 2. Nf3 Nc6 3. Bb5 a6 4. Ba4 Nf6 5. d3 b5 6. Bb3 Bc5 7. O-O d6 8.
c3 h6 9. Nbd2 O-O 10. Re1 Bb6 11. Nf1 Ne7 12. Ng3 Ng6 13. h3 Be6 14. Be3 c5
15. d4 Rc8 16. d5 Bd7 17. c4 Kh7 18. a4 Ng8 19. axb5 axb5 20. cxb5 N8e7 21.
Bc4 f5 22. exf5 Nxf5 23. Ne4 Ba5 24. Bd2 Bxd2 25. Qxd2 Nf4 26. Ra3 Qe8 27.
Ng3 Qg6 28. Kh2 h5 29. Rg1 Nd4 30. Nxd4 cxd4 31. b3 h4 32. Nf1 Qf5 33. f3
Bxb5 34. Bxb5 Rc2 35. Bd3 Qxd3 36. Qe1 Ng6 37. Kh1 Rxf3 38. Nh2 Re3 39. Qa1
Nf4 40. Ra2 Rxa2 41. Qxa2 Ne2 42. Ra1 Ng3+ 43. Kg1 Re2 44. Qb1 Qxb1+ 45.
Rxb1 d3 46. b4 d2 47. Nf3 e4 48. Nxd2 Rxd2 49. b5 e3 50. b6 e2 0-1

[Event "29th World Junior Girls"]
[Site "Chennai IND"]
[Date "2011.08.03"]
[Round "2"]
[White "Bharathi,R"]
[Black "Tejaswini,S"]
[Result "1/2-1/2"]
[WhiteElo "2117"]
[BlackElo "1690"]
[EventDate "2011.08.02"]

1. e4 e5 2. Nf3 Nc6 3. Bb5 Bc5 4. c3 Nf6 5. d4 Bb6 6. Nxe5 Nxe5 7. dxe5
Nxe4 8. Qg4 Bxf2+ 9. Kd1 c6 10. Qxg7 Rf8 11. Bd3 d5 12. Bh6 Bc5 13. Rf1 Be6
14. b4 Be7 15. Kc2 Qb6 16. Bxe4 dxe4 17. Qxh7 Bc4 18. Bxf8 Bxf1 19. Bxe7
Bd3+ 20. Kb3 Kxe7 21. Qh4+ Kd7 22. Qg4+ Ke7 23. Qg5+ Kf8 24. Qf6 Re8 25.
Nd2 Qb5 26. Qh8+ Ke7 27. Qg7 Qd5+ 28. Kb2 Kd7 29. Re1 Rxe5 30. h4 Rf5 31.
Qg4 Kc7 32. Qg3+ Qe5 33. Qxe5+ Rxe5 34. g4 Kd7 35. Re3 Ke6 36. Nb3 b6 37.
Nd4+ Kd7 38. Nf5 Bc4 39. h5 Be6 40. h6 Bxf5 41. gxf5 Re8 42. f6 Kd6 43. h7
Ke5 44. Rh3 Rh8 45. Rh6 Kf5 46. Kc2 Kg5 47. Rh1 Kxf6 48. Rh6+ Ke5 49. Kd2
Kf5 50. Ke3 f6 51. Rh1 1/2-1/2

[Event "29th World Junior Girls"]
[Site "Chennai IND"]
[Date "2011.08.03"]
[Round "2"]
[White "Shweta,G"]
[Black "Deur,Z"]
[Result "1/2-1/2"]
[WhiteElo "1922"]
[BlackElo "2116"]
[EventDate "2011.08.02"]

1. d4 Nf6 2. Nf3 c5 3. e3 g6 4. Bd3 Bg7 5. c4 O-O 6. Nc3 d6 7. h3 Nbd7 8.
O-O Ne8 9. Qc2 Nc7 10. Rd1 a6 11. a4 b6 12. b3 Bb7 13. Be2 Qc8 14. Bb2 cxd4
15. Nxd4 Ne6 16. Rac1 Nf6 17. Re1 Rd8 18. Qd1 Qd7 19. Bf3 d5 20. cxd5 Nxd5
21. Nxd5 Bxd5 22. Nxe6 Qxe6 23. Bxg7 Kxg7 24. Qd4+ f6 25. Bxd5 Rxd5 26. Qc4
Qd6 27. Qc2 Rd8 28. Qc4 b5 29. Qe4 Kf8 30. Ra1 Rd3 31. Reb1 Qd5 32. Qb4 Qe5
33. Qh4 Rxb3 34. Qxh7 Rxb1+ 35. Rxb1 Qf5 36. Rc1 Qd3 37. Qh8+ Kf7 38. Qh7+
Kf8 39. Qh8+ Kf7 40. Qh7+ Kf8 41. Qh6+ 1/2-1/2

[Event "29th World Junior Girls"]
[Site "Chennai IND"]
[Date "2011.08.03"]
[Round "2"]
[White "Romero Echeverria,A"]
[Black "Sathya,Pri"]
[Result "1-0"]
[WhiteElo "2071"]
[BlackElo "1842"]
[EventDate "2011.08.02"]

1. e4 c5 2. c3 d5 3. exd5 Qxd5 4. d4 Nf6 5. Nf3 Bg4 6. Be2 e6 7. h3 Bh5 8.
O-O Nc6 9. Be3 cxd4 10. cxd4 Be7 11. Nc3 Qd6 12. Qb3 O-O 13. Rfd1 Rfd8 14.
a3 Rac8 15. Rac1 Nd5 16. Nxd5 Qxd5 17. Qxd5 Rxd5 18. g4 Bg6 19. Ne5 Bf6 20.
Bf3 Rd6 21. Nxc6 bxc6 22. g5 Be7 23. Bf4 Rdd8 24. Rxc6 Rxc6 25. Bxc6 Bf5
26. Kg2 Rc8 27. Bf3 Rd8 28. b4 Kf8 29. h4 Bd6 30. Be3 Bc7 31. d5 exd5 32.
Bxa7 Be6 33. a4 Bd6 34. b5 Bf4 35. a5 Bb8 36. Bc5+ Ke8 37. a6 Be5 38. Bb6
1-0

[Event "29th World Junior Girls"]
[Site "Chennai IND"]
[Date "2011.08.03"]
[Round "2"]
[White "Tsatsalashvili,K"]
[Black "Martinez,Ay"]
[Result "1/2-1/2"]
[WhiteElo "2318"]
[BlackElo "2011"]
[EventDate "2011.08.02"]

1. d4 Nf6 2. c4 c5 3. d5 b5 4. cxb5 a6 5. b6 Qxb6 6. Nc3 d6 7. a4 g6 8. a5
Qd8 9. Nf3 Bg7 10. e4 Nbd7 11. Be2 Rb8 12. O-O O-O 13. Nd2 Rb4 14. Nc4 Ne8
15. Na4 Ne5 16. Nab6 Nxc4 17. Nxc4 f5 18. Bd2 Rb8 19. exf5 Bxf5 20. Bc3 Nc7
21. Nb6 Qe8 22. Qd2 Nb5 23. Rae1 Rb7 24. Bc4 Ra7 25. Bxb5 Qxb5 26. Bxg7
Kxg7 27. Qc3+ Kg8 28. Re3 Rc7 29. Rfe1 Rf7 30. h3 Qe8 31. Qc4 Ra7 32. b4
cxb4 33. Qxb4 Qf8 34. Rc3 h6 35. Qd4 g5 36. Rec1 Qg7 37. Qe3 Qf6 38. Rc6
Bg6 39. Rc8+ Kh7 40. Rb8 Qf4 41. Rcc8 Qxe3 42. fxe3 Bd3 43. Rh8+ Kg6 44.
Rbg8+ Rg7 45. Rc8 Rf7 46. Kh2 Be4 47. Kg3 Rf5 48. Rcg8+ Kf7 49. Rc8 Kg6 50.
Rcg8+ Kf7 51. Rf8+ Kg7 52. Rxf5 Kxh8 53. Rf8+ Kg7 54. Rc8 Kf6 55. Rh8 Kg7
56. Rc8 Kf6 57. Rh8 Kg7 1/2-1/2

[Event "29th World Junior Girls"]
[Site "Chennai IND"]
[Date "2011.08.03"]
[Round "2"]
[White "Savetha,C"]
[Black "Kulon,K"]
[Result "0-1"]
[WhiteElo "1992"]
[BlackElo "2227"]
[EventDate "2011.08.02"]

1. e4 c5 2. Nf3 d6 3. d4 cxd4 4. Nxd4 Nf6 5. Nc3 Nc6 6. Be2 e5 7. Nb3 Be7
8. Be3 O-O 9. O-O a5 10. Kh1 a4 11. Nd2 a3 12. b3 Qa5 13. Na4 b5 14. Nb6
Rb8 15. Nxc8 Rbxc8 16. c4 b4 17. Rc1 Rcd8 18. Bd3 Nd7 19. Qg4 Kh8 20. Nf3
Nc5 21. Bb1 Ne6 22. Rcd1 Bf6 23. Rd5 Qa8 24. Rfd1 Ncd4 25. Bxd4 exd4 26.
Qf5 Be7 27. Ra5 Qc8 28. Nxd4 g6 29. Qb5 Nf4 30. f3 Rd7 31. Qxb4 d5 32. Qd2
dxc4 33. Qxf4 cxb3 34. Rd5 b2 35. Nc6 Rxd5 36. exd5 Bc5 37. Qf6+ Kg8 38.
Ne7+ Bxe7 39. Qxe7 Qc1 40. Qe1 Rc8 41. d6 Qxd1 42. Qxd1 Rc1 43. Qg1 Kf8 44.
h4 Ke8 45. Kh2 Rxg1 46. Kxg1 Kd7 47. Kf2 Kxd6 48. Ke3 Kd5 49. Be4+ Kc4 50.
Kd2 Kd4 51. Kc2 f5 52. Bb7 Ke3 53. g4 Kf4 54. Bc8 Ke5 55. Ba6 Kd4 56. Be2
Ke3 57. Bd1 f4 58. Kb1 Kf2 59. h5 gxh5 60. gxh5 h6 61. Kc2 Ke1 62. Kb1 Kf2
63. Kc2 Kg2 64. Be2 Kg3 65. Bd1 Kh4 66. Be2 Kxh5 67. Bd3 Kg5 68. Kb3 h5 69.
Kxa3 b1=Q 70. Bxb1 h4 71. Bd3 h3 72. Bf1 h2 73. Bg2 Kh4 74. Kb4 Kg3 75. Bh1
Kf2 76. a4 Kg1 0-1

[Event "29th World Junior Girls"]
[Site "Chennai IND"]
[Date "2011.08.03"]
[Round "2"]
[White "Degrande,M"]
[Black "Hoang Thi Nhu Y"]
[Result "0-1"]
[WhiteElo "1890"]
[BlackElo "2204"]
[EventDate "2011.08.02"]

1. d4 Nf6 2. c4 b6 3. Nc3 Bb7 4. Nf3 e6 5. a3 d5 6. cxd5 Nxd5 7. e3 Be7 8.
Bd3 Nxc3 9. bxc3 O-O 10. O-O c5 11. Qe2 Nc6 12. Rd1 Qc7 13. Bb2 Rad8 14.
Rac1 e5 15. d5 Na5 16. c4 Bd6 17. Ng5 h6 18. Qh5 Rfe8 19. Ne4 Bc8 20. Ng3
Bf8 21. Qf3 Nb7 22. Qe4 g6 23. Nh5 Qe7 24. Ng3 f5 25. Qf3 e4 26. Bxe4 fxe4
27. Nxe4 Qxe4 28. Qf6 Re7 29. Qh8+ Kf7 30. Bf6 Nd6 31. Bxe7 Qxe7 32. Ra1
0-1

[Event "29th World Junior Girls"]
[Site "Chennai IND"]
[Date "2011.08.03"]
[Round "2"]
[White "Mejia Salinas,Lluvia Angelica"]
[Black "Dogodkina,J"]
[Result "0-1"]
[WhiteElo "1889"]
[BlackElo "2193"]
[EventDate "2011.08.02"]

1. e4 e6 2. d4 d5 3. Nc3 Bb4 4. e5 c5 5. a3 Bxc3+ 6. bxc3 Qc7 7. Nf3 Nc6 8.
Bb5 cxd4 9. Bxc6+ bxc6 10. cxd4 Ba6 11. a4 Ne7 12. c3 c5 13. Be3 Nf5 14.
Qd2 Rb8 15. g4 Ne7 16. Ng1 Nc6 17. Ne2 Na5 18. Rc1 Nb3 19. Qd1 Bxe2 20.
Kxe2 cxd4 21. cxd4 Nxc1+ 22. Qxc1 Qxc1 23. Rxc1 Kd7 24. a5 Rhc8 25. Rxc8
Kxc8 26. f4 Rb2+ 27. Bd2 Kb7 28. Kd3 Ka6 29. h4 g6 30. Ke3 Rb3+ 0-1

[Event "29th World Junior Girls"]
[Site "Chennai IND"]
[Date "2011.08.03"]
[Round "2"]
[White "Hannes,D"]
[Black "Akshaya,A"]
[Result "0-1"]
[WhiteElo "2188"]
[BlackElo "1966"]
[EventDate "2011.08.02"]

1. e4 e5 2. Nf3 Nc6 3. Bc4 Be7 4. d4 d6 5. d5 Nb8 6. Bd3 Nf6 7. h3 O-O 8.
O-O c6 9. c4 Nbd7 10. Nc3 Re8 11. Be3 Nf8 12. Kh2 Ng6 13. g3 h6 14. Ng1 Nh7
15. Qd2 c5 16. a3 Qd7 17. f3 Bg5 18. Bc2 Rf8 19. Rae1 Bxe3 20. Rxe3 Qd8 21.
Qf2 f5 22. exf5 Bxf5 23. Bxf5 Rxf5 24. Qc2 Ne7 25. Rfe1 Qd7 26. Kg2 Raf8
27. Ne4 R5f7 28. Ne2 Nf5 29. Rd3 Nf6 30. Rdd1 Ne3+ 0-1

[Event "29th World Junior Girls"]
[Site "Chennai IND"]
[Date "2011.08.03"]
[Round "2"]
[White "Madhurima,S"]
[Black "Vo Thi Kim Phung"]
[Result "1/2-1/2"]
[WhiteElo "1854"]
[BlackElo "2141"]
[EventDate "2011.08.02"]

1. e4 c5 2. Nc3 Nc6 3. f4 g6 4. Nf3 Bg7 5. Bb5 Nd4 6. O-O a6 7. Bd3 d6 8.
Nxd4 Bxd4+ 9. Kh1 Nf6 10. Ne2 Nd7 11. Nxd4 cxd4 12. b4 a5 13. Bb2 Qb6 14.
a3 O-O 15. c3 dxc3 16. Bxc3 axb4 17. axb4 Rxa1 18. Qxa1 e5 19. Bc4 Qc7 20.
Bb3 Kg7 21. fxe5 dxe5 22. d4 f6 23. Ba4 exd4 24. Bxd4 Ne5 25. Rc1 Qb8 26.
Bb3 Bd7 27. Ba7 Qd8 28. Rd1 Qc8 29. Rc1 Qa8 30. Qd4 Bc6 31. Bb6 Qa3 32. Rb1
Qa6 33. Bc7 Qd3 34. Qxd3 Nxd3 35. Bc2 Bxe4 36. Bxd3 Bxd3 37. Rd1 Rc8 38.
Bd6 Rc2 39. Bf4 Bb5 40. Kg1 g5 41. Be3 Re2 42. Bf2 Rb2 43. Be1 Bc6 44. g3
Rg2+ 45. Kf1 Rxh2 46. Bf2 Rh1+ 47. Bg1 g4 48. Rd4 Bf3 49. Rd6 h5 50. Rd2 h4
51. gxh4 Rxh4 52. Rh2 Rh3 53. Rxh3 gxh3 54. Kf2 Bc6 55. Kg3 Bd7 56. Kf4 Kg6
57. Bh2 Bb5 58. Bg3 Bd3 59. Bh2 f5 60. Bg3 Kf6 61. Ke3 Bc2 62. Bf4 Be4 63.
Kd4 Ke6 64. Bh2 b6 65. Bf4 Kd7 66. Bh2 Kc6 67. Bf4 Kb5 68. Kc3 Ka4 69. Bh2
Bf3 70. Bg3 Ka3 71. Bh2 Ka2 72. Bg3 Kb1 73. Bf4 Bh5 74. Kb3 Bf7+ 75. Kc3
Be6 76. Be5 Kc1 77. Bh2 Bd7 78. Bf4+ Kd1 79. Kd3 Bb5+ 80. Ke3 Bc6 81. Kf2
Kc2 82. Kg3 Kc3 83. b5 Bxb5 84. Bc7 Bf1 1/2-1/2

[Event "29th World Junior Girls"]
[Site "Chennai IND"]
[Date "2011.08.03"]
[Round "2"]
[White "Salini,R"]
[Black "Divyasri,C"]
[Result "0-1"]
[WhiteElo "1795"]
[BlackElo "2123"]
[EventDate "2011.08.02"]

1. g3 d5 2. Bg2 Nf6 3. e3 e5 4. Ne2 Bd6 5. d4 e4 6. c4 c6 7. Nbc3 O-O 8.
O-O Be6 9. Bd2 Qd7 10. c5 Bc7 11. b4 Bg4 12. f3 exf3 13. Bxf3 Bxf3 14. Rxf3
Qg4 15. Kg2 Nbd7 16. b5 Rae8 17. bxc6 bxc6 18. Qa4 Re6 19. Qxa7 Bb8 20. Qb7
Ne4 21. Nxe4 dxe4 22. Rf2 Rh6 23. a4 Qh3+ 24. Kg1 Nf6 25. Rb1 g5 26. a5 Ng4
27. Rg2 Nxh2 28. a6 Ng4 29. Kf1 Qh1+ 30. Rg1 Qf3+ 31. Ke1 Rh2 32. Nc3 Qf2+
33. Kd1 Qxd2+ 0-1